Chemistry : (Record no. 22282)
[ view plain ]
| 000 -LEADER | |
|---|---|
| fixed length control field | 00461cam a2200157 a 4500 |
| 020 ## - INTERNATIONAL STANDARD BOOK NUMBER | |
| ISBN | 0697395979 (acidfree paper) |
| 040 ## - CATALOGING SOURCE | |
| Transcribing agency | DLC |
| 082 00 - DEWEY DECIMAL CLASSIFICATION NUMBER | |
| Classification number | 540 SIL 2000 C260 Or. |
| 100 1# - MAIN ENTRY--AUTHOR NAME | |
| Personal name | Silberberg, Martin S. |
| 245 10 - TITLE STATEMENT | |
| Title | Chemistry : |
| Remainder of title | the molecular nature of matter and change / |
| 250 ## - EDITION STATEMENT | |
| Edition statement | Second edition |
| 300 ## - PHYSICAL DESCRIPTION | |
| Number of Pages | 1 volume (various pagings) : |
| Other physical details | illustrations (some color) ; |
| Dimensions | 28 cm |
| 500 ## - GENERAL NOTE | |
| General note | Includes index |
| 650 #0 - SUBJECT ADDED ENTRY--TOPICAL TERM | |
| Topical Term | Chemistry. |
| 942 ## - ADDED ENTRY ELEMENTS (KOHA) | |
| Koha item type | ADB |
| 952 ## - LOCATION AND ITEM INFORMATION (KOHA) | |
| Withdrawn status [LOCAL, KOHA] | 0 |
| Permanent Location | Date acquired | Koha item type | Lost status | Shelving location | Barcode | Current Location | Full call number |
|---|---|---|---|---|---|---|---|
| Library Block C | 2023-12-01 | ADB | C260 | a17048 | Library Block C | 540 SIL 2000 C260 Or. |